
Library Catalogue

| 000 -LEADER | |
|---|---|
| fixed length control field | 02577cam a2200301 a 4500 |
| 001 - CONTROL NUMBER | |
| control field | 11893027 |
| 003 - CONTROL NUMBER IDENTIFIER | |
| control field | OSt |
| 005 - DATE AND TIME OF LATEST TRANSACTION | |
| control field | 20210416105636.0 |
| 008 - FIXED-LENGTH DATA ELEMENTS--GENERAL INFORMATION | |
| fixed length control field | 000119s2000 ii b bf 001 0 eng |
| 010 ## - LIBRARY OF CONGRESS CONTROL NUMBER | |
| LC control number | 00021783 |
| 020 ## - INTERNATIONAL STANDARD BOOK NUMBER | |
| International Standard Book Number | 0761994270 |
| 040 ## - CATALOGING SOURCE | |
| Original cataloging agency | DLC |
| Transcribing agency | DLC |
| Modifying agency | DLC |
| 043 ## - GEOGRAPHIC AREA CODE | |
| Geographic area code | a------ |
| 050 00 - LIBRARY OF CONGRESS CALL NUMBER | |
| Classification number | P92.A7 |
| Item number | H36 2000 |
| 082 00 - DEWEY DECIMAL CLASSIFICATION NUMBER | |
| Classification number | 302.23 GUA |
| Edition number | 21 |
| 245 00 - TITLE STATEMENT | |
| Title | Handbook of the media in Asia / |
| Statement of responsibility, etc. | edited by Shelton A. Gunaratne. |
| 260 ## - PUBLICATION, DISTRIBUTION, ETC. | |
| Place of publication, distribution, etc. | New Delhi ; |
| -- | Thousand Oaks, Calif. : |
| Name of publisher, distributor, etc. | Sage Publications, |
| Date of publication, distribution, etc. | 2000. |
| 300 ## - PHYSICAL DESCRIPTION | |
| Extent | x, 722 p. : |
| Other physical details | map ; |
| Dimensions | 25 cm. |
| 504 ## - BIBLIOGRAPHY, ETC. NOTE | |
| Bibliography, etc. note | Includes bibliographical references and indexes. |
| 505 ## - FORMATTED CONTENTS NOTE | |
| Formatted contents note | Contents<br/>Overview - Shelton A Gunaratne<br/>PART ONE: SOUTH ASIA<br/>Introduction - Shelton A Gunaratne<br/>1.Bangladesh - Serajul I Bhuiyan and Shelton A Gunaratne<br/>2.Bhutan - C J Conlon<br/>3.India - K Viswanath and Kavita Karan<br/>4.Maldives - Kavita Karan and K Viswanath<br/>5.Nepal - Sandhya Rao and Bharat Koirala<br/>6.Pakistan - Owais Aslam Ali and Shelton A Gunaratne<br/>7.Sri Lanka - Shelton A Gunaratne and Chanuka Lalinda Wattegama<br/>PART TWO: SOUTHEAST ASIA<br/>Introduction - Shelton A Gunaratne<br/>8.Brunei Darussalam - H M Safar and Yussof Ladi<br/>9.Cambodia - Judith Clarke<br/>10.Indonesia - Naswil Idris and Shelton A Gunaratne<br/>11.Laos - Frank Morgan and Eric Loo<br/>12.Malaysia - H M Safar, Asiah binti Sarji and Shelton A Gunaratne<br/>13.Myanmar - Kalyani Chadha and Anandam P Kavoori<br/>14.Philippines - Crispin C Maslog<br/>15.Singapore - Eddie Kuo and Peng Hwa Ang<br/>16.Thailand - Daradirek Ekachai<br/>17.Vietnam - Zeni Sarabia Panol and Yen Do<br/>PART THREE: EAST ASIA<br/>Introduction - Shelton A Gunaratne<br/>18.China - Liqun Yan<br/>19.Hong Kong SAR (China) - Clement So, Joseph Man Chan and Chin-Chuan Lee<br/>20.Macau SAR (China) - Clement So, Joseph Man Chan and Chin-Chuan Lee<br/>21.Japan - Shinichi Saito<br/>22.North Korea - Shelton A Gunaratne and Shin Dong Kim<br/>23.South Korea - Chul Heo, Ki-yul Uhm and Jeong-Heon Chang<br/>24.Mongolia - Barry Lowe and Shelton A Gunaratne<br/>25.Taiwan - Georgette Wang and Ven-Hwei Lo<br/>Index<br/><br/> |
| 650 #0 - SUBJECT ADDED ENTRY--TOPICAL TERM | |
| Topical term or geographic name entry element | Mass media |
| Geographic subdivision | Asia |
| Form subdivision | Handbooks, manuals, etc. |
| 700 1# - ADDED ENTRY--PERSONAL NAME | |
| Personal name | Gunaratne, Shelton A. |
| 856 42 - ELECTRONIC LOCATION AND ACCESS | |
| Materials specified | Publisher description |
| Uniform Resource Identifier | <a href="http://www.loc.gov/catdir/enhancements/fy0657/00021783-d.html">http://www.loc.gov/catdir/enhancements/fy0657/00021783-d.html</a> |
| 856 41 - ELECTRONIC LOCATION AND ACCESS | |
| Materials specified | Table of contents only |
| Uniform Resource Identifier | <a href="http://www.loc.gov/catdir/enhancements/fy0657/00021783-t.html">http://www.loc.gov/catdir/enhancements/fy0657/00021783-t.html</a> |
| 906 ## - LOCAL DATA ELEMENT F, LDF (RLIN) | |
| a | 7 |
| b | cbc |
| c | orignew |
| d | 1 |
| e | ocip |
| f | 20 |
| g | y-gencatlg |
| 942 ## - ADDED ENTRY ELEMENTS (KOHA) | |
| Source of classification or shelving scheme | Dewey Decimal Classification |
| Koha item type | BOOKs |
| Withdrawn status | Lost status | Damaged status | Not for loan | Home library | Current library | Shelving location | Date acquired | Cost, normal purchase price | Total Checkouts | Full call number | Barcode | Date last seen | Price effective from | Koha item type |
|---|---|---|---|---|---|---|---|---|---|---|---|---|---|---|
| NLS | NLS | 30/05/2017 | 950.00 | 302.23 GUA | 16013 | 30/05/2017 | 30/05/2017 | BOOKs |